000 00306nam a2200133Ia 4500
008 220216s9999 xx 000 0 und d
245 0 _aCommodity situation: A stock taking
260 _bPlanters Chronicle
_c2004
300 _a19-38
650 _aCoffe
650 _aRubber
650 _aTe
942 _cJS
999 _c55896
_d55896